| 000 | 01293nam a22002897a 4500 | ||
|---|---|---|---|
| 005 | 20130712163800.0 | ||
| 010 | _aENG-104777 | ||
| 020 |
_a9788132107125 _c450.00 |
||
| 035 | _aEN-88310 | ||
| 035 | _aB-492317 | ||
| 037 | _bDBAD/PUB | ||
| 037 |
_bBlue Berry/Ven _adpl |
||
| 082 | 0 | 0 |
_a658.400954 _223 |
| 100 | 1 | _aKarunakar, B. | |
| 245 | 1 | 0 |
_aCorporate champions : _bexcellent companies of India / _cby B. Karunakar |
| 260 |
_aNew Delhi _bSage Response _c2011. |
||
| 270 |
_aB1/I-1 Mohan Cooperative Industrial Area Mathura Road _bNew Delhi _e110044 |
||
| 300 |
_axviii,380p. _c22cm(pbk) |
||
| 500 | _aIncludes bibliographical references and index. | ||
| 505 | 0 | _aWhat is the book about? -- What made the excellent companies succeed? proposed business model -- Strategy theme -- Execution excellence theme -- Leadership theme -- Frequently asked questions -- Wrapping it up. | |
| 650 | 0 |
_aCorporations _zIndia _vCase studies. |
|
| 650 | 0 |
_aCorporations _zIndia _xManagement _vCase studies. |
|
| 650 | 0 |
_aEntrepreneurship _zIndia _vCase studies. |
|
| 942 |
_2ddc _cEN _h658.400954 _mKAR |
||
| 999 |
_c61159 _d61159 |
||